000 00569nam a2200181 4500
001 107875
003 ES-MaACL
007 t|
008 061121s1974 sp r ||||1| spa d
100 1 _aMontanelli, Indro,
_d1909-2001
_9242260
245 1 3 _aLa Italia del Risorgimento (1831-1861) /
_cIndro Montanelli; [traducción de Domingo Pruna].
250 _a[ 1.ª ed.].
260 _a[Barcelona] :
_bPlaza y Janés,
_c1974.
300 _a365 p. , 8 lám. ;
_c23 cm.
700 1 _aPruna, Domingo.
_994081
852 _aES-MaACL
_jE-6498
999 _c107875
_d107875